Największe miasto w każdym państwie nieuznawanym - Statystyki

Ogólne statystyki
  • Ten quiz został rozwiązany 22 razy
  • Średni wynik to 5 z 9
Statystyki odpowiedzi
Państwo Miasto % Poprawnych
Tajwan Tajpej
100%
Kosowo Prisztina
94%
Cypr Północny Nikozja Północna
78%
Naddniestrze Tyraspol
78%
Palestyna Gaza
61%
Abchazja Suchumi
39%
Sahara Zachodnia Al-Ujun
28%
Somaliland Hargejsa
22%
Osetia Południowa Cchinwali
17%
Nie znaleziono quizów pasujących do podanych kryteriów
Rozkład punktacji
Procent ludzi z każdym wynikiem
Percentyl według liczby udzielonych odpowiedzi
Twoja historia wyników
Nie rozwiązałeś tego quizu